[Event "1SM"]
[Site "Sharjah Chess Club"]
[Date "2017.03.26"]
[Round "4.18"]
[White "Mamedjarova, Turkan"]
[Black "Safarli, Eltaj"]
[Result "0-1"]
[BlackElo "2680"]
[WhiteElo "2267"]
[LiveChessVersion "1.4.8"]

1. d4 {[%clk 1:40:55]} Nf6 {[%clk 1:40:28]} 2. c4 {[%clk 1:40:29]} e6
{[%clk 1:39:31]} 3. Nc3 {[%clk 1:40:18]} Bb4 {[%clk 1:39:48]} 4. Qc2
{[%clk 1:40:07]} O-O {[%clk 1:39:42]} 5. e3 {[%clk 1:40:06]} c5 {[%clk 1:38:03]}
6. a3 {[%clk 1:33:35]} Bxc3+ {[%clk 1:37:04]} 7. bxc3 {[%clk 1:33:52]} b6
{[%clk 1:33:29]} 8. Nf3 {[%clk 1:29:42]} Ba6 {[%clk 1:32:24]} 9. Bd3
{[%clk 1:27:34]} Nc6 {[%clk 1:29:00]} 10. e4 {[%clk 1:18:31]} h6 {[%clk 1:27:25]}
11. e5 {[%clk 1:05:17]} Ne8 {[%clk 1:27:23]} 12. Be3 {[%clk 1:05:33]} cxd4
{[%clk 1:16:39]} 13. cxd4 {[%clk 1:05:25]} Na5 {[%clk 1:16:41]} 14. Qe2
{[%clk 0:58:44]} d5 {[%clk 1:08:50]} 15. exd6 {[%clk 0:55:00]} Nxd6
{[%clk 1:08:30]} 16. c5 {[%clk 0:42:57]} Bxd3 {[%clk 1:06:13]} 17. Qxd3
{[%clk 0:43:23]} bxc5 {[%clk 1:06:30]} 18. dxc5 {[%clk 0:43:42]} Nf5
{[%clk 1:06:51]} 19. Qc3 {[%clk 0:42:49]} Rb8 {[%clk 1:04:32]} 20. Nd2
{[%clk 0:41:28]} Nc6 {[%clk 1:00:49]} 21. O-O {[%clk 0:39:40]} Qd5
{[%clk 1:00:32]} 22. Rab1 {[%clk 0:36:10]} Rxb1 {[%clk 0:55:40]} 23. Rxb1
{[%clk 0:36:05]} Rd8 {[%clk 0:55:26]} 24. Nc4 {[%clk 0:26:36]} Qe4
{[%clk 0:45:04]} 25. Rf1 {[%clk 0:23:04]} Rd3 {[%clk 0:39:43]} 26. Qc1
{[%clk 0:22:28]} Qd5 {[%clk 0:32:26]} 27. Qc2 {[%clk 0:21:21]} Nh4
{[%clk 0:29:36]} 28. f3 {[%clk 0:20:50]} Nd4 {[%clk 0:26:52]} 29. Qa4
{[%clk 0:21:13]} Ndxf3+ {[%clk 0:24:40]} 30. gxf3 {[%clk 0:21:09]} Nxf3+
{[%clk 0:24:01]} 31. Kf2 {[%clk 0:21:01]} Nxh2 {[%clk 0:21:47]} 32. Rb1
{[%clk 0:21:22]} Qf3+ {[%clk 0:20:33]} 33. Kg1 {[%clk 0:21:02]} Qg3+
{[%clk 0:20:48]} 34. Kh1 {[%clk 0:21:25]} Nf3 {[%clk 0:21:04]} 0-1

[Event "1SM"]
[Site "Sharjah Chess Club"]
[Date "2017.03.26"]
[Round "4.19"]
[White "Anton Guijarro, David"]
[Black "Mammadova, Narmin"]
[Result "1-0"]
[BlackElo "2240"]
[WhiteElo "2676"]
[LiveChessVersion "1.4.8"]

1. Nf3 {[%clk 1:40:55]} Nf6 {[%clk 1:40:36]} 2. c4 {[%clk 1:40:50]} c6
{[%clk 1:40:11]} 3. b3 {[%clk 1:40:13]} d5 {[%clk 1:39:27]} 4. Bb2
{[%clk 1:40:17]} g6 {[%clk 1:38:31]} 5. e3 {[%clk 1:40:34]} Bg7 {[%clk 1:38:44]}
6. Be2 {[%clk 1:40:54]} O-O {[%clk 1:38:16]} 7. O-O {[%clk 1:41:08]} Nbd7
{[%clk 1:34:16]} 8. Qc2 {[%clk 1:36:32]} b6 {[%clk 1:21:08]} 9. d4
{[%clk 1:29:24]} Bb7 {[%clk 1:20:17]} 10. Nc3 {[%clk 1:29:42]} Rc8
{[%clk 1:19:09]} 11. Rfd1 {[%clk 1:30:01]} Qc7 {[%clk 1:12:35]} 12. Rac1
{[%clk 1:23:42]} Qb8 {[%clk 1:12:25]} 13. Ne5 {[%clk 1:14:39]} e6
{[%clk 0:59:41]} 14. Nxd7 {[%clk 1:05:27]} Nxd7 {[%clk 1:00:06]} 15. b4
{[%clk 1:05:36]} Rfe8 {[%clk 0:43:50]} 16. Qb3 {[%clk 1:03:34]} Qa8
{[%clk 0:30:32]} 17. Bf1 {[%clk 0:54:15]} Nf6 {[%clk 0:26:28]} 18. a4
{[%clk 0:50:41]} dxc4 {[%clk 0:24:42]} 19. Qxc4 {[%clk 0:48:54]} Nd5
{[%clk 0:24:50]} 20. Qb3 {[%clk 0:39:10]} a5 {[%clk 0:18:16]} 21. bxa5
{[%clk 0:38:00]} Qxa5 {[%clk 0:15:20]} 22. Rb1 {[%clk 0:22:16]} Ba6
{[%clk 0:15:34]} 23. Bxa6 {[%clk 0:21:26]} Qxa6 {[%clk 0:13:13]} 24. Ne4
{[%clk 0:20:58]} Red8 {[%clk 0:10:19]} 25. Rdc1 b5 26. axb5 {[%clk 0:20:49]} cxb5
{[%clk 0:07:15]} 27. Nc5 {[%clk 0:16:28]} Qb6 {[%clk 0:04:47]} 28. Nd3
{[%clk 0:14:45]} h5 {[%clk 0:04:44]} 29. h3 {[%clk 0:11:25]} Qb7 {[%clk 0:03:18]}
30. Ra1 {[%clk 0:09:04]} Qb6 {[%clk 0:03:04]} 31. Rc2 {[%clk 0:08:35]} Qb8 32.
Rac1 {[%clk 0:09:00]} Rxc2 {[%clk 0:02:33]} 33. Rxc2 {[%clk 0:06:25]} Kh7
{[%clk 0:00:48]} 34. Ba3 {[%clk 0:05:00]} b4 {[%clk 0:00:55]} 35. Bxb4
{[%clk 0:05:10]} Nxb4 {[%clk 0:00:50]} 36. Qxb4 {[%clk 0:05:38]} Qxb4
{[%clk 0:00:47]} 37. Nxb4 {[%clk 0:04:41]} Rd7 {[%clk 0:00:46]} 38. Nd3
{[%clk 0:04:28]} g5 {[%clk 0:00:34]} 39. Rc5 f6 40. f4 {[%clk 0:03:24]} Kg6
{[%clk 0:00:43]} 41. fxg5 fxg5 42. Ne5+ {[%clk 0:01:51]} Bxe5 {[%clk 0:01:36]}
43. Rxe5 {[%clk 0:02:30]} Rd6 {[%clk 0:00:56]} 44. Kf2 {[%clk 0:01:21]} Rb6
{[%clk 0:00:54]} 45. Kf3 {[%clk 0:01:37]} Ra6 {[%clk 0:00:35]} 46. g3
{[%clk 0:01:52]} Rb6 {[%clk 0:00:37]} 47. h4 {[%clk 0:02:17]} gxh4
{[%clk 0:00:39]} 48. gxh4 {[%clk 0:02:42]} Ra6 {[%clk 0:00:40]} 49. Kf4
{[%clk 0:01:59]} Kh6 {[%clk 0:00:32]} 50. Rb5 Kg6 51. e4 {[%clk 0:01:28]} Ra1
{[%clk 0:00:35]} 52. Ke5 {[%clk 0:01:23]} Rh1 {[%clk 0:00:37]} 53. Rb6
{[%clk 0:01:32]} Rxh4 {[%clk 0:00:47]} 54. Rxe6+ {[%clk 0:01:39]} Kg5
{[%clk 0:00:52]} 55. Re8 {[%clk 0:01:41]} Rh1 {[%clk 0:01:07]} 56. Rg8+
{[%clk 0:02:00]} Kh6 {[%clk 0:01:03]} 57. d5 {[%clk 0:02:25]} h4 {[%clk 0:00:48]}
58. d6 {[%clk 0:02:49]} 1-0

[Event "1SM"]
[Site "Sharjah Chess Club"]
[Date "2017.03.26"]
[Round "4.20"]
[White "Khalafova, Narmin"]
[Black "Iturrizaga Bonelli, Eduardo"]
[Result "0-1"]
[BlackElo "2673"]
[WhiteElo "2255"]
[LiveChessVersion "1.4.8"]

1. e4 {[%clk 1:40:41]} g6 {[%clk 1:40:56]} 2. d4 {[%clk 1:38:08]} Bg7
{[%clk 1:41:19]} 3. Nf3 {[%clk 1:37:44]} d6 {[%clk 1:40:13]} 4. h3
{[%clk 1:28:03]} c5 {[%clk 1:39:23]} 5. dxc5 {[%clk 1:24:58]} Qa5+
{[%clk 1:39:46]} 6. c3 {[%clk 1:19:19]} Qxc5 {[%clk 1:39:53]} 7. Be3
{[%clk 1:19:14]} Qc7 {[%clk 1:40:16]} 8. Bd3 {[%clk 1:17:27]} Nf6
{[%clk 1:39:55]} 9. O-O {[%clk 1:16:49]} Nbd7 {[%clk 1:39:49]} 10. c4
{[%clk 1:10:27]} O-O {[%clk 1:34:58]} 11. Nc3 {[%clk 1:08:16]} a6
{[%clk 1:34:44]} 12. Rc1 {[%clk 1:06:56]} e6 {[%clk 1:34:54]} 13. Nd4
{[%clk 0:53:30]} b6 {[%clk 1:33:26]} 14. b4 {[%clk 0:41:53]} Bb7 {[%clk 1:31:49]}
15. Qe2 {[%clk 0:41:10]} Rac8 {[%clk 1:28:35]} 16. f4 {[%clk 0:36:05]} Qb8
{[%clk 1:16:04]} 17. Nb3 {[%clk 0:31:06]} Nh5 {[%clk 1:08:13]} 18. Qe1
{[%clk 0:28:43]} Qa8 {[%clk 1:05:21]} 19. Bd2 {[%clk 0:26:43]} Rfe8
{[%clk 0:59:01]} 20. g4 {[%clk 0:18:00]} Nhf6 {[%clk 0:59:11]} 21. g5
{[%clk 0:18:05]} Nh5 {[%clk 0:59:24]} 22. Qf2 {[%clk 0:17:56]} f6
{[%clk 0:50:54]} 23. h4 {[%clk 0:15:45]} Rf8 {[%clk 0:49:46]} 24. Qe3
{[%clk 0:13:37]} Rce8 {[%clk 0:49:00]} 25. Rce1 {[%clk 0:12:17]} Qd8
{[%clk 0:48:03]} 26. Qh3 {[%clk 0:09:41]} fxg5 {[%clk 0:46:46]} 27. fxg5
{[%clk 0:09:34]} Ne5 {[%clk 0:39:31]} 28. Rxf8+ {[%clk 0:08:38]} Rxf8
{[%clk 0:39:36]} 29. Be2 {[%clk 0:05:40]} Qc8 {[%clk 0:36:00]} 30. Rc1
{[%clk 0:03:34]} Nf4 {[%clk 0:35:00]} 31. Bxf4 {[%clk 0:03:44]} Rxf4
{[%clk 0:35:28]} 32. Nd2 {[%clk 0:02:08]} Nc6 {[%clk 0:33:07]} 33. Bg4
{[%clk 0:01:42]} Qf8 {[%clk 0:26:40]} 34. Bxe6+ {[%clk 0:01:10]} Kh8
{[%clk 0:27:09]} 35. Nd5 {[%clk 0:01:14]} Nd4 {[%clk 0:25:24]} 36. Bg4
{[%clk 0:01:00]} Bc8 {[%clk 0:22:42]} 37. Bxc8 {[%clk 0:00:39]} Ne2+
{[%clk 0:22:55]} 38. Kh1 {[%clk 0:01:08]} Nxc1 {[%clk 0:23:13]} 39. Nxf4
{[%clk 0:01:17]} Qxf4 {[%clk 0:23:41]} 40. Bb7 {[%clk 0:01:20]} Ne2
{[%clk 0:22:44]} 41. Nf3 {[%clk 0:01:25]} Qc1+ {[%clk 0:21:43]} 42. Kh2
{[%clk 0:01:45]} Be5+ 0-1

[Event "1SM"]
[Site "Sharjah Chess Club"]
[Date "2017.03.26"]
[Round "4.22"]
[White "Mareco, Sandro"]
[Black "Harini, S."]
[Result "1-0"]
[BlackElo "2150"]
[WhiteElo "2664"]
[LiveChessVersion "1.4.8"]

1. d4 {[%clk 1:40:58]} Nf6 {[%clk 1:40:52]} 2. c4 {[%clk 1:41:25]} e6
{[%clk 1:41:16]} 3. Nf3 {[%clk 1:41:52]} b6 {[%clk 1:41:36]} 4. g3
{[%clk 1:42:17]} Bb7 {[%clk 1:41:56]} 5. Bg2 {[%clk 1:42:42]} Bb4+
{[%clk 1:42:17]} 6. Bd2 {[%clk 1:43:07]} a5 {[%clk 1:42:35]} 7. O-O
{[%clk 1:43:32]} O-O {[%clk 1:42:18]} 8. Bf4 {[%clk 1:43:58]} Be7
{[%clk 1:37:37]} 9. Nc3 {[%clk 1:43:38]} Ne4 {[%clk 1:37:14]} 10. Nb5
{[%clk 1:44:03]} Na6 {[%clk 1:34:07]} 11. Qc2 {[%clk 1:39:52]} f5
{[%clk 1:31:37]} 12. a3 {[%clk 1:35:32]} Qc8 {[%clk 1:13:59]} 13. Rad1
{[%clk 1:29:49]} d6 {[%clk 1:00:34]} 14. Ne1 {[%clk 1:29:40]} g5 {[%clk 0:52:14]}
15. f3 {[%clk 1:07:17]} c6 {[%clk 0:39:23]} 16. fxe4 {[%clk 1:07:31]} cxb5
{[%clk 0:39:46]} 17. Bc1 {[%clk 1:07:55]} Qxc4 {[%clk 0:27:44]} 18. Qxc4
{[%clk 1:08:19]} bxc4 {[%clk 0:28:04]} 19. exf5 {[%clk 1:08:43]} Bxg2
{[%clk 0:27:49]} 20. Nxg2 {[%clk 1:09:09]} exf5 {[%clk 0:23:52]} 21. Ne3
{[%clk 1:09:32]} Rae8 {[%clk 0:20:56]} 22. Nxc4 {[%clk 1:07:45]} Bd8
{[%clk 0:11:19]} 23. Rf2 {[%clk 1:07:28]} Re6 24. Rdf1 {[%clk 1:05:39]} b5
{[%clk 0:06:31]} 25. Ne3 {[%clk 1:05:48]} f4 {[%clk 0:05:51]} 26. gxf4
{[%clk 1:04:28]} Bb6 {[%clk 0:02:25]} 27. fxg5 {[%clk 1:03:51]} Rxf2
{[%clk 0:02:49]} 28. Kxf2 {[%clk 1:04:18]} Bxd4 {[%clk 0:03:03]} 29. Rd1
{[%clk 1:04:36]} Bc5 {[%clk 0:00:43]} 30. Kf3 {[%clk 1:05:00]} Nb8
{[%clk 0:00:48]} 31. Nf5 {[%clk 1:05:19]} Nc6 {[%clk 0:01:07]} 32. Bf4
{[%clk 1:05:42]} Ne5+ {[%clk 0:01:15]} 33. Bxe5 {[%clk 1:06:06]} Rxe5
{[%clk 0:01:32]} 34. e4 {[%clk 1:06:24]} Re6 {[%clk 0:01:35]} 35. h4
{[%clk 1:06:38]} Kf7 {[%clk 0:01:02]} 36. Kf4 {[%clk 1:06:52]} a4
{[%clk 0:00:48]} 37. h5 {[%clk 1:06:55]} b4 {[%clk 0:01:09]} 38. axb4
{[%clk 1:07:11]} Bxb4 {[%clk 0:01:35]} 39. Rd4 {[%clk 1:07:31]} Bc5
{[%clk 0:00:36]} 40. Rxa4 {[%clk 1:07:57]} Re8 {[%clk 0:00:41]} 41. b4
{[%clk 1:08:12]} 1-0

[Event "1SM"]
[Site "Sharjah Chess Club"]
[Date "2017.03.26"]
[Round "4.23"]
[White "Dodeja, Pawan"]
[Black "Bluebaum, Matthias"]
[Result "0-1"]
[BlackElo "2632"]
[WhiteElo "2235"]
[LiveChessVersion "1.4.8"]

1. e4 {[%clk 1:40:46]} c6 {[%clk 1:40:51]} 2. d4 {[%clk 1:40:38]} d5
{[%clk 1:41:13]} 3. Nd2 {[%clk 1:40:58]} dxe4 {[%clk 1:41:22]} 4. Nxe4
{[%clk 1:41:15]} Bf5 {[%clk 1:41:41]} 5. Ng3 {[%clk 1:41:30]} Bg6
{[%clk 1:42:06]} 6. Bc4 {[%clk 1:41:36]} Nf6 {[%clk 1:41:55]} 7. N1e2
{[%clk 1:40:11]} e6 {[%clk 1:41:23]} 8. O-O {[%clk 1:38:47]} Nbd7
{[%clk 1:34:02]} 9. f4 {[%clk 1:33:16]} Nb6 {[%clk 1:31:21]} 10. Bb3
{[%clk 1:20:28]} Qd7 {[%clk 1:27:18]} 11. f5 {[%clk 1:08:17]} exf5
{[%clk 1:13:28]} 12. Nf4 {[%clk 1:06:45]} O-O-O {[%clk 1:11:53]} 13. c3
{[%clk 1:05:40]} Bd6 {[%clk 1:07:19]} 14. a4 {[%clk 1:00:56]} Nbd5
{[%clk 1:00:22]} 15. Qf3 {[%clk 0:55:48]} Rhe8 {[%clk 0:48:17]} 16. a5
{[%clk 0:46:01]} Nxf4 {[%clk 0:29:05]} 17. Bxf4 {[%clk 0:46:14]} Bxf4
{[%clk 0:29:29]} 18. Qxf4 {[%clk 0:46:33]} a6 {[%clk 0:29:49]} 19. Nxf5
{[%clk 0:40:01]} Re2 {[%clk 0:22:25]} 20. Nxg7 {[%clk 0:32:42]} Rxb2
{[%clk 0:22:00]} 21. Be6 {[%clk 0:30:46]} fxe6 {[%clk 0:21:56]} 22. Qxf6
{[%clk 0:31:12]} Be4 {[%clk 0:18:04]} 23. Rf2 {[%clk 0:28:02]} Rxf2
{[%clk 0:18:12]} 24. Kxf2 {[%clk 0:28:27]} Bd5 {[%clk 0:16:18]} 25. Nh5
{[%clk 0:26:24]} Qd6 {[%clk 0:15:38]} 26. Kg1 {[%clk 0:25:57]} c5
{[%clk 0:15:36]} 27. Qf2 {[%clk 0:17:17]} cxd4 {[%clk 0:15:16]} 28. cxd4
{[%clk 0:17:30]} Bc6 {[%clk 0:15:11]} 29. Nf4 {[%clk 0:13:33]} Qxd4
{[%clk 0:12:45]} 30. Qxd4 {[%clk 0:14:01]} Rxd4 {[%clk 0:13:10]} 31. Nxe6
{[%clk 0:11:17]} Re4 {[%clk 0:13:37]} 32. Nc5 {[%clk 0:11:21]} Re2
{[%clk 0:13:56]} 33. g3 {[%clk 0:11:11]} Rg2+ {[%clk 0:14:02]} 34. Kf1
{[%clk 0:11:39]} Rxh2 {[%clk 0:14:26]} 35. Ra3 {[%clk 0:11:50]} Kc7
{[%clk 0:13:35]} 36. Ne6+ {[%clk 0:11:17]} Kd6 {[%clk 0:13:38]} 37. Nd4
{[%clk 0:10:51]} Bd5 {[%clk 0:13:50]} 38. Nf5+ {[%clk 0:10:43]} Ke5
{[%clk 0:10:20]} 39. Ne3 {[%clk 0:11:00]} Be6 {[%clk 0:10:18]} 40. Ra4
{[%clk 0:11:22]} Ra2 {[%clk 0:08:37]} 41. Rb4 {[%clk 0:11:35]} Rxa5
{[%clk 0:05:51]} 42. Rxb7 {[%clk 0:11:53]} Ke4 {[%clk 0:06:13]} 43. Re7
{[%clk 0:11:27]} Kf3 {[%clk 0:04:59]} 44. Nc2 {[%clk 0:09:08]} Bf5
{[%clk 0:04:49]} 45. Re3+ {[%clk 0:07:45]} Kg4 {[%clk 0:05:15]} 46. Nd4
{[%clk 0:07:55]} Bg6 {[%clk 0:05:42]} 47. Nc6 {[%clk 0:07:38]} Ra1+
{[%clk 0:06:00]} 48. Kf2 {[%clk 0:08:02]} Ra2+ {[%clk 0:06:06]} 49. Kg1
{[%clk 0:07:35]} Kh3 {[%clk 0:05:15]} 50. Ne5 {[%clk 0:07:40]} Rg2+
{[%clk 0:04:11]} 51. Kf1 {[%clk 0:06:49]} Rxg3 {[%clk 0:04:36]} 52. Nf3
{[%clk 0:07:00]} Kg4 {[%clk 0:04:12]} 53. Ne5+ {[%clk 0:04:28]} Kf4
{[%clk 0:04:25]} 54. Re1 {[%clk 0:04:26]} Be4 {[%clk 0:04:18]} 55. Nf7
{[%clk 0:04:07]} Rg6 {[%clk 0:03:09]} 56. Ra1 {[%clk 0:03:31]} Rf6
{[%clk 0:02:57]} 57. Nd8 {[%clk 0:03:43]} Rd6 {[%clk 0:02:50]} 58. Nf7
{[%clk 0:04:01]} Rd7 {[%clk 0:03:14]} 59. Nh6 {[%clk 0:03:44]} Kg5
{[%clk 0:02:31]} 60. Ng8 {[%clk 0:04:07]} h5 {[%clk 0:01:02]} 61. Kf2
{[%clk 0:04:29]} Rd6 {[%clk 0:00:54]} 62. Ke3 {[%clk 0:04:00]} Bf5
{[%clk 0:00:59]} 63. Kf3 {[%clk 0:03:46]} Bg4+ {[%clk 0:01:06]} 64. Kf2
{[%clk 0:03:56]} Re6 {[%clk 0:01:05]} 65. Ra5+ {[%clk 0:03:52]} Bf5
{[%clk 0:01:24]} 66. Rc5 {[%clk 0:04:01]} Re8 {[%clk 0:01:14]} 67. Nh6
{[%clk 0:04:10]} Rf8 {[%clk 0:01:38]} 68. Ra5 {[%clk 0:04:08]} Kxh6
{[%clk 0:02:00]} 69. Rxa6+ {[%clk 0:04:33]} Kg5 {[%clk 0:02:27]} 70. Kg3
{[%clk 0:04:43]} h4+ {[%clk 0:02:52]} 71. Kh2 {[%clk 0:05:03]} Rc8
{[%clk 0:03:19]} 72. Ra4 {[%clk 0:05:17]} Rc2+ {[%clk 0:03:42]} 73. Kg1
{[%clk 0:05:42]} Re2 {[%clk 0:03:58]} 74. Kf1 {[%clk 0:05:59]} Re4
{[%clk 0:04:09]} 0-1

[Event "1SM"]
[Site "Sharjah Chess Club"]
[Date "2017.03.26"]
[Round "4.24"]
[White "Sethuraman, S.P."]
[Black "Pranav, V"]
[Result "1-0"]
[BlackElo "2149"]
[WhiteElo "2629"]
[LiveChessVersion "1.4.8"]

1. e4 {[%clk 1:40:50]} e5 {[%clk 1:40:41]} 2. Nf3 {[%clk 1:41:02]} Nc6
{[%clk 1:41:03]} 3. Bb5 {[%clk 1:40:01]} a6 {[%clk 1:41:11]} 4. Ba4
{[%clk 1:40:24]} d6 {[%clk 1:41:29]} 5. c4 {[%clk 1:38:40]} g6 {[%clk 1:37:45]}
6. d4 {[%clk 1:37:50]} Bd7 {[%clk 1:36:14]} 7. Bg5 {[%clk 1:29:39]} f6
{[%clk 1:27:29]} 8. Be3 {[%clk 1:30:02]} Bg7 {[%clk 1:27:05]} 9. d5
{[%clk 1:29:56]} Nce7 {[%clk 1:23:26]} 10. Nc3 {[%clk 1:30:19]} h6
{[%clk 1:22:20]} 11. Nh4 {[%clk 1:22:22]} Kf7 {[%clk 1:20:23]} 12. Bc2
{[%clk 1:22:05]} h5 {[%clk 1:18:45]} 13. g3 {[%clk 1:18:22]} g5 {[%clk 1:16:28]}
14. Nf3 {[%clk 1:17:07]} Ng6 {[%clk 1:14:08]} 15. c5 {[%clk 1:15:03]} Bf8
{[%clk 1:07:22]} 16. b4 {[%clk 1:05:05]} b6 {[%clk 1:01:01]} 17. h4
{[%clk 1:01:18]} Bg4 {[%clk 0:48:48]} 18. hxg5 {[%clk 1:01:40]} a5
{[%clk 0:49:05]} 19. bxa5 {[%clk 1:00:12]} bxc5 {[%clk 0:48:39]} 20. gxf6
{[%clk 0:59:54]} Qxf6 {[%clk 0:48:37]} 21. Ng5+ {[%clk 1:00:09]} Qxg5
{[%clk 0:48:46]} 22. Bxg5 {[%clk 1:00:33]} Bxd1 {[%clk 0:49:11]} 23. Bxd1
{[%clk 1:00:56]} h4 {[%clk 0:48:13]} 24. gxh4 {[%clk 0:57:08]} Be7
{[%clk 0:46:10]} 25. h5 {[%clk 0:57:29]} Nf4 {[%clk 0:46:24]} 26. Bxf4
{[%clk 0:57:14]} exf4 {[%clk 0:46:43]} 27. Rb1 {[%clk 0:57:30]} Rxa5
{[%clk 0:20:44]} 28. Rb7 {[%clk 0:57:45]} Bd8 {[%clk 0:20:37]} 29. Nb5
{[%clk 0:57:08]} Kf6 {[%clk 0:20:04]} 30. a4 {[%clk 0:52:30]} Ke5
{[%clk 0:19:40]} 31. Bc2 {[%clk 0:50:30]} Nf6 {[%clk 0:14:49]} 32. Na7
{[%clk 0:44:55]} Ra6 {[%clk 0:07:27]} 33. Nc6+ {[%clk 0:44:34]} Rxc6
{[%clk 0:07:49]} 34. dxc6 {[%clk 0:45:01]} d5 {[%clk 0:07:49]} 35. exd5
{[%clk 0:44:43]} Kxd5 {[%clk 0:08:13]} 36. h6 {[%clk 0:44:01]} Kxc6
{[%clk 0:08:20]} 37. Rb8 {[%clk 0:43:06]} Nd7 {[%clk 0:08:45]} 38. Rxd8
{[%clk 0:41:54]} Rxd8 {[%clk 0:09:10]} 39. h7 {[%clk 0:42:19]} Rh8
{[%clk 0:09:36]} 40. Rg1 {[%clk 0:42:40]} Ne5 {[%clk 0:07:49]} 41. Rg8
{[%clk 0:42:55]} Nf7 {[%clk 0:08:13]} 42. Kd2 {[%clk 0:42:52]} Kd5
{[%clk 0:08:05]} 43. Kc3 {[%clk 0:43:05]} f3 {[%clk 0:08:14]} 44. Kd2
{[%clk 0:42:24]} Kc6 {[%clk 0:08:37]} 45. Ke3 {[%clk 0:42:26]} Kb6
{[%clk 0:09:02]} 46. Kxf3 {[%clk 0:42:18]} Ka5 {[%clk 0:09:32]} 47. Ke3
{[%clk 0:42:36]} Kb4 {[%clk 0:09:56]} 48. Kd2 {[%clk 0:42:52]} c4
{[%clk 0:10:22]} 49. f4 {[%clk 0:42:43]} Ka3 {[%clk 0:10:44]} 50. Kc3
{[%clk 0:42:54]} c5 {[%clk 0:11:09]} 51. a5 {[%clk 0:43:19]} Ka2 {[%clk 0:11:36]}
52. Rxh8 {[%clk 0:43:35]} Nxh8 {[%clk 0:12:02]} 53. a6 {[%clk 0:44:02]} Nf7
{[%clk 0:12:25]} 54. a7 {[%clk 0:44:29]} Nd6 {[%clk 0:12:51]} 55. a8=Q#
{[%clk 0:44:53]} 1-0

[Event "1SM"]
[Site "Sharjah Chess Club"]
[Date "2017.03.26"]
[Round "4.25"]
[White "Idani, Pouya"]
[Black "Baivab, Mishra"]
[Result "1-0"]
[BlackElo "2105"]
[WhiteElo "2576"]
[LiveChessVersion "1.4.8"]

1. Nf3 {[%clk 1:40:58]} c6 {[%clk 1:39:59]} 2. c4 {[%clk 1:40:12]} Nf6
{[%clk 1:39:55]} 3. b3 {[%clk 1:40:36]} g6 {[%clk 1:37:58]} 4. Bb2
{[%clk 1:40:58]} Bg7 {[%clk 1:38:25]} 5. g3 {[%clk 1:41:20]} O-O {[%clk 1:38:43]}
6. Bg2 {[%clk 1:41:47]} Re8 {[%clk 1:30:47]} 7. O-O {[%clk 1:41:50]} d5
{[%clk 1:31:02]} 8. d4 {[%clk 1:41:23]} Bf5 {[%clk 1:30:58]} 9. Nc3
{[%clk 1:39:59]} Ne4 {[%clk 1:31:03]} 10. Rc1 {[%clk 1:37:32]} Nxc3
{[%clk 1:27:05]} 11. Bxc3 {[%clk 1:37:57]} Be4 {[%clk 1:27:24]} 12. e3
{[%clk 1:36:27]} Nd7 {[%clk 1:24:50]} 13. Bh3 {[%clk 1:29:46]} e6
{[%clk 1:10:18]} 14. Ne1 {[%clk 1:25:42]} dxc4 {[%clk 0:54:27]} 15. bxc4
{[%clk 1:16:21]} c5 {[%clk 0:54:48]} 16. d5 {[%clk 1:13:53]} Bxc3
{[%clk 0:54:40]} 17. Rxc3 {[%clk 1:13:31]} exd5 {[%clk 0:48:05]} 18. cxd5
{[%clk 1:07:41]} Nb6 {[%clk 0:42:59]} 19. d6 {[%clk 1:02:11]} c4 {[%clk 0:35:20]}
20. Qd4 {[%clk 1:02:16]} Bd5 {[%clk 0:29:20]} 21. Bg2 {[%clk 1:02:19]} Bxg2
{[%clk 0:26:47]} 22. Nxg2 {[%clk 1:02:36]} Re6 {[%clk 0:22:04]} 23. Rd1
{[%clk 1:02:56]} Qf6 {[%clk 0:22:33]} 24. Qxf6 {[%clk 1:00:32]} Rxf6
{[%clk 0:23:02]} 25. e4 {[%clk 1:00:53]} Re6 {[%clk 0:23:23]} 26. Re3
{[%clk 1:00:37]} Rd8 {[%clk 0:20:28]} 27. e5 {[%clk 1:00:18]} f6 {[%clk 0:18:05]}
28. f4 {[%clk 0:49:44]} Nd7 {[%clk 0:16:19]} 29. exf6 {[%clk 0:49:06]} Rxf6
{[%clk 0:15:02]} 30. Re7 {[%clk 0:48:31]} Nc5 {[%clk 0:08:24]} 31. Rc7
{[%clk 0:47:39]} b6 {[%clk 0:07:34]} 32. Ne3 {[%clk 0:46:40]} Rfxd6
{[%clk 0:06:06]} 33. Rxd6 {[%clk 0:47:04]} Rxd6 {[%clk 0:06:33]} 34. Nxc4
{[%clk 0:47:29]} Rd7 {[%clk 0:06:59]} 35. Rc8+ {[%clk 0:47:48]} Kg7
{[%clk 0:07:24]} 36. Kf2 {[%clk 0:47:39]} Kf6 {[%clk 0:06:23]} 37. Rc6+
{[%clk 0:47:57]} Ke7 {[%clk 0:05:47]} 38. Ke2 {[%clk 0:46:37]} Ne6
{[%clk 0:06:02]} 39. Ke3 {[%clk 0:46:29]} Rc7 {[%clk 0:03:54]} 40. Ne5
{[%clk 0:46:54]} Rb7 {[%clk 0:01:25]} 41. g4 {[%clk 0:47:14]} Nd8
{[%clk 0:00:45]} 42. Rc3 {[%clk 0:46:52]} Nf7 {[%clk 0:01:02]} 43. Nc6+
{[%clk 0:44:05]} Kd6 {[%clk 0:01:10]} 44. Nd4 {[%clk 0:43:53]} Kd5
{[%clk 0:00:40]} 45. Kd3 {[%clk 0:43:40]} a6 {[%clk 0:00:37]} 46. Nc2
{[%clk 0:43:51]} a5 {[%clk 0:00:37]} 47. Ne3+ {[%clk 0:44:15]} Kd6
{[%clk 0:00:44]} 48. Kd4 {[%clk 0:41:28]} b5 {[%clk 0:00:41]} 49. Rc8
{[%clk 0:41:47]} Kd7 {[%clk 0:00:34]} 50. Ra8 {[%clk 0:42:10]} Nd8
{[%clk 0:00:37]} 51. Nd5 {[%clk 0:41:54]} b4 {[%clk 0:00:35]} 52. Kc5
{[%clk 0:41:04]} Ne6+ {[%clk 0:00:43]} 53. Kc4 {[%clk 0:41:32]} b3
{[%clk 0:00:44]} 54. axb3 {[%clk 0:41:46]} Nxf4 {[%clk 0:01:10]} 55. Rxa5
{[%clk 0:42:02]} Nxd5 {[%clk 0:00:33]} 56. Rxd5+ {[%clk 0:42:18]} Kc6
{[%clk 0:00:53]} 57. Rc5+ {[%clk 0:41:45]} Kd6 {[%clk 0:01:19]} 58. b4
{[%clk 0:41:38]} Rf7 {[%clk 0:01:33]} 59. Kb5 {[%clk 0:41:17]} Rf2
{[%clk 0:00:36]} 60. h4 {[%clk 0:41:27]} Rg2 {[%clk 0:00:33]} 61. g5
{[%clk 0:39:24]} Rh2 {[%clk 0:00:57]} 62. Rc4 {[%clk 0:39:14]} Kd5
{[%clk 0:01:26]} 63. Rf4 {[%clk 0:39:30]} Ke5 {[%clk 0:01:10]} 64. Rg4
{[%clk 0:39:51]} Rd2 {[%clk 0:00:33]} 65. Rc4 {[%clk 0:39:28]} Rd8
{[%clk 0:00:36]} 66. Rc7 {[%clk 0:39:45]} Rh8 {[%clk 0:00:46]} 67. Ka6
{[%clk 0:39:59]} h6 {[%clk 0:00:56]} 68. b5 {[%clk 0:40:12]} hxg5
{[%clk 0:01:12]} 69. hxg5 {[%clk 0:40:38]} Rh1 {[%clk 0:00:48]} 70. Rc5+
{[%clk 0:40:27]} 1-0